| 000 | 00844nam0a22002771 4500 | ||
|---|---|---|---|
| 001 | rc\160396 | ||
| 005 | 20250620213155.0 | ||
| 010 |
_a5-247-01661-0 _94050 |
||
| 035 | _a(NLR Aleph) 005425984 | ||
| 090 |
_a7526364 _c7526364 |
||
| 100 | _a20030307d1991 |||y0rusy50 ca | ||
| 101 | 0 | _arus | |
| 102 | _aRU | ||
| 105 | _aa ||||||||| | ||
| 200 | 1 | _aСправочник геолога-угольщика | |
| 205 | _a2-е изд., перераб. и доп. | ||
| 210 |
_aМ. _cНедра _d1991 |
||
| 215 |
_a362, [1] с. _cил. _d22 |
||
| 320 | _aБиблиогр.: с. 357-358 (31 назв.) | ||
| 320 | _aПредм. указ.: с. 359-360 | ||
| 700 | 1 |
_aМиронов _bК.В. _gКонстантин Васильевич |
|
| 801 | 0 |
_aRU _bNLR _gpsbo |
|
| 801 | 1 |
_aRU _bELAR _2rusmarc |
|
| 852 |
_aNLR _j91-5/893 |
||
| 942 | _cBOOK | ||
| 980 | _aNB | ||